| 000 | 00695cam a22002413a 4500 | ||
|---|---|---|---|
| 001 | 3690 | ||
| 003 | PGUSA | ||
| 005 | 20140828083037.0 | ||
| 008 | 030101s2003||||xxu|||||s|||||000 | eng d | ||
| 040 |
_aPGUSA _beng |
||
| 042 | _adc | ||
| 050 | 4 | _aGV | |
| 100 | 1 |
_aWells, H. G. _q(Herbert George), _d1866-1946 |
|
| 245 | 1 | 0 |
_aFloor Games; a companion volume to "Little Wars" _h[electronic resource] / _cH. G. Wells |
| 260 |
_bProject Gutenberg, _c2003 |
||
| 506 | _aPublic domain in the USA. | ||
| 516 | _aElectronic text | ||
| 653 | _aGames -- Juvenile literature | ||
| 653 | _aGames | ||
| 830 | 0 |
_aProject Gutenberg _v3690 |
|
| 856 | 4 | 0 | _uhttp://www.gutenberg.org/ebooks/3690 |
| 942 | _cEB | ||
| 999 |
_c233019 _d233019 |
||